| 000 | 00748nas a2200277 4500 | ||
|---|---|---|---|
| 001 | BR9206910 | ||
| 003 | BR-BrBNA | ||
| 005 | 20231205100435.0 | ||
| 007 | ta | ||
| 008 | 230509b bl.|||p| |||| 00| 00por d | ||
| 040 |
_aBR-BrBNA _bpor _cBiblioteca Nacional de Agricultura |
||
| 041 | _a(Pt) | ||
| 072 | _aL01 | ||
| 100 | 1 | _aMartinez, M. | |
| 245 | 1 | _aPerdiz nativa: bom potencial para cativeiro | |
| 650 | _aPerdiz | ||
| 650 | _aCarne | ||
| 650 | _aCriacao | ||
| 650 | _aMelhoramento Animal | ||
| 650 | _aReproducao Animal | ||
| 650 | _aSexo | ||
| 650 | _aPratico | ||
| 773 | 0 |
_tManchete Rural (Brazil) _xISSN 0102-8901 _g(Oct 1991), v. 4(55) p. 30-34 _wBR9206910 |
|
| 909 |
_a202311 _bLúcia _c55 _dLúcia Elande |
||
| 942 |
_2AGRIS _n0 _cANA |
||
| 999 |
_c156036 _d156036 |
||